|
|
|
|
| LEADER |
01050nam a22002657a 4500 |
| 001 |
42955 |
| 003 |
BD-DhAAL |
| 005 |
20240825123328.0 |
| 008 |
240825t2001 bg ||||| b||| 00| 0 eng d |
| 040 |
|
|
|a BD-DhAAL
|d BD-DhAAL
|
| 082 |
|
|
|a 362.1095492
|2 22
|
| 245 |
|
|
|a Research reports.
|p (2001) :
|b health studies.
|c Volume XXXI.
|
| 264 |
|
|
|a Dhaka :
|b Research and Evaluation Division, BRAC,
|c 2001.
|
| 300 |
|
|
|a 210 pages :
|b illustrations ;
|c 30 cm.
|
| 362 |
|
|
|a Vol. 31
|
| 504 |
|
|
|a Includes bibliographical references.
|
| 541 |
|
|
|a Complementary copy from BRAC
|e 42955
|
| 610 |
|
|
|a BRAC.
|
| 650 |
|
|
|a Public health
|z Bangladesh.
|
| 650 |
|
|
|a Rural Development
|z Bangladesh.
|
| 710 |
|
|
|a BRAC.
|b Research and Evaluation Division.
|
| 852 |
|
|
|a Ayesha Abed Library
|c BRAC Resource Section
|
| 942 |
|
|
|2 ddc
|c BK
|
| 999 |
|
|
|c 46870
|d 46870
|
| 952 |
|
|
|0 0
|1 0
|2 ddc
|4 0
|6 362_109549200000000_RES
|7 1
|8 RPT
|9 76042
|a BRACUL
|b BRACUL
|c BRS
|d 2024-08-25
|e Complementary copy from BRAC
|l 0
|o 362.1095492 RES
|p 3010042955
|r 2024-08-25
|t 1
|w 2024-08-25
|y BK
|x Complementary copy from BRAC
|